00602pam a2200193 a 4500020001500000082001200015100002300027245001600050250001200066260005300078300004000131500003500171500002000206650001500226700002100241942000700262999001500269952012400284 a013129792900a540 BRO1 aBrown, Theodore L.10aChemistry : a4th ed. aEnglewood Cliffs, N.J. :bPrentice Hall,cc1988. axxiv, 1028 p. :bill. (some col.) ; aColored ill. on lining papers. aIncludes index. 0aChemistry.1 aLeMay, H. Eugene cBK c1027d1027 0010708NFICaMLCampusbMLCampuscGENd2015-06-09l3o540 BROp006021r2025-09-02 14:45:17s2025-08-19w2015-06-09yBK